Cálculo de varias variables. Trascendentes tempranas.

Сохранить в:
Библиографические подробности
Главный автор: Stewart, James (autor)
Другие авторы: García Hernández, Ana Elizabeth (traductora), Mercado González, Enrique C. (traductor), Borja Tecuatl, Ileana (revisión técnica)
Формат: Неизвестно
Опубликовано: Ciudad de México, México: Cengage Learning, 2018.
Редактирование:Octava edición.
Предметы:
Метки: Добавить метку
Нет меток, Требуется 1-ая метка записи!

MARC

LEADER 00000 a2200000 4500
003 CL-VaPUC
005 20240311165804.0
008 240110t2018 ||||| |||| 00| 0 eng d
999 |c 442570  |d 442568 
020 |a 9786075265520 
040 |c Pontificia Universidad Católica de Valparaíso 
082 7 |a 515.33 STE 2018  |2 22 
100 |a Stewart, James  |e autor  |9 320 
245 |a Cálculo de varias variables.   |b  Trascendentes tempranas.  
250 |a Octava edición.  
260 |a Ciudad de México, México:  |b Cengage Learning,  |c 2018. 
300 |a xxvi, [543] páginas.  
583 |k GC  |c 20240110 
650 0 |a Cálculo  |9 260234 
700 |a García Hernández, Ana Elizabeth   |9 885597  |e traductora 
700 |a Mercado González, Enrique C.  |e traductor  |9 887092 
700 |a Borja Tecuatl, Ileana  |e revisión técnica  |9 887093 
942 |2 ddc  |c BK 
952 |0 0  |1 0  |2 ddc  |4 0  |6 515_330000000000000_STE_2018  |7 0  |8 A  |9 593246  |a BIBMAT  |b BIBMAT  |c GEN  |d 2024-01-10  |e 3  |g 56627.00  |i 5660054  |l 5  |m 3  |o 515.33 STE 2018  |p 5660054  |r 2025-01-07  |s 2024-10-03  |t 2  |v 56627.00  |w 2024-01-10  |y BK  |k MAT 
952 |0 0  |1 0  |2 ddc  |4 0  |6 515_330000000000000_STE_2018  |7 0  |8 A  |9 593247  |a BIBMAT  |b BIBMAT  |c GEN  |d 2024-01-10  |e 3  |g 56627.00  |i 5660053  |l 8  |m 1  |o 515.33 STE 2018  |p 5660053  |r 2025-04-01  |s 2025-03-19  |t 1  |v 56627.00  |w 2024-01-10  |y BK  |k MAT